Sri Lanka 2023 World Cup Squad - Statistics

General Stats
  • This quiz has been taken 9 times
  • The average score is 12 of 18
Answer Stats
Hint Answer % Correct
BAT (C) Kusal Mendis
100%
BAT Pathum Nissanka
100%
ALR Charith Asalanka
88%
ALR Dasun Shanaka
88%
BAT Kusal Perera
88%
BWL Dilshan Madushanka
75%
BWL Dunith Wellalage
63%
BWL Dushmantha Chameera
63%
BWL Maheesh Theekshana
63%
BWL Matheesha Pathirana
63%
BAT Sadeera Samarawickrama
63%
ALR Chamika Karunaratne
50%
ALR Dhananjaya de Silva
50%
BAT Dimuth Karunaratne
50%
ALR Dushan Hemantha
50%
BWL Kasun Rajitha
50%
BWL Lahiru Kumara
50%
ALR Angelo Mathews
38%
No matching quizzes found
Score Distribution
Percent of People with Each Score
Percentile by Number Answered
Your Score History
You have not taken this quiz